[Event "BCF-chT3E 2223 (4NCL)"]
[Site "England"]
[Date "2022.11.05"]
[Round "1.23"]
[White "Borrowdale, Graham E"]
[Black "Rosen, Daniel B"]
[Result "1-0"]
[WhiteElo "1960"]
[BlackElo "2059"]
[PlyCount "83"]
[EventDate "2022.11.05"]
[EventType "team-tourn"]
[EventRounds "11"]
[EventCountry "ENG"]
[SourceTitle "EXT 2024"]
[Source "ChessBase"]
[SourceDate "2023.10.10"]
[SourceVersion "1"]
[SourceVersionDate "2023.10.10"]
[SourceQuality "1"]
[WhiteTeam "Cambridge University II"]
[BlackTeam "Poisoned Pawns"]
[WhiteTeamCountry "ENG"]
[BlackTeamCountry "ENG"]

1. d4 f5 2. g3 Nf6 3. Bg2 e6 4. Nf3 d5 5. c4 c6 6. 0-0 Bd6 7. b3 Qe7 8. Bb2 0-0 9. Nbd2 Bd7 10. Ne5 Be8 11. Rc1 Nbd7 12. Ndf3 Bh5 13. Qd3 Bxf3 14. exf3 Rfe8 15. Rfe1 Nf8 16. Re2 N6d7 17. Rce1 Nxe5 18. dxe5 Bc5 19. cxd5 cxd5 20. Rc1 Bb6 21. Rec2 Qd7 22. a4 Rec8 23. f4 a6 24. b4 Kf7 25. a5 Bd8 26. Bd4 Ng6 27. Bf3 Ne7 28. Bc5 g6 29. Kg2 Nc6 30. h3 Be7 31. Bxe7 Nxe7 32. Be2 Rxc2 33. Rxc2 Rc8 34. Rb2 Qc7 35. b5 Qxa5 36. bxa6 bxa6 37. Qxa6 Qxa6 38. Bxa6 Rc6 39. Bb5 Rc7 40. Be2 Nc6 41. Rc2 Rc8 42. Ba6 1-0

[Event "Guernsey op 46th"]
[Site "St James"]
[Date "2022.10.19"]
[Round "4"]
[White "Gant, Chris"]
[Black "Rosen, Daniel B"]
[Result "0-1"]
[WhiteElo "2091"]
[BlackElo "1976"]
[PlyCount "78"]
[EventDate "2022.10.16"]
[EventType "swiss"]
[EventRounds "7"]
[EventCountry "GCI"]
[SourceTitle "EXT 2024"]
[Source "ChessBase"]
[SourceDate "2023.10.10"]
[SourceVersion "1"]
[SourceVersionDate "2023.10.10"]
[SourceQuality "1"]

1. e4 d6 2. d4 g6 3. Nc3 Bg7 4. Be3 a6 5. Qd2 Nd7 6. h4 e5 7. h5 exd4 8. Bxd4 Bxd4 9. Qxd4 Qf6 10. Qd2 Ne7 11. 0-0-0 Nb6 12. e5 Qxe5 13. Nf3 Qg7 14. h6 Qf8 15. a4 Be6 16. a5 Nd7 17. Nd4 0-0-0 18. g3 Ne5 19. Bg2 Nc4 20. Qe2 Nxa5 21. Nxe6 fxe6 22. Qxe6+ Kb8 23. f4 Nec6 24. Qa2 d5 25. Nxd5 Qc5 26. Nc3 Nb4 27. Qe6 Rde8 28. Qf6 Rhf8 29. Qd4 Na2+ 30. Kb1 Nxc3+ 31. Qxc3 Qxc3 32. bxc3 Nc4 33. Rd7 Rf5 34. Rxh7 Re6 35. Rh8+ Ka7 36. h7 Rb5+ 37. Kc1 Ra5 38. Ra8+ Kb6 39. Kb1 Kc5 0-1

[Event "BCF-chT3Sa 1920 (4NCL)"]
[Site "England"]
[Date "2020.02.08"]
[Round "5.25"]
[White "Rosen, Daniel B"]
[Black "Van Kemenade, Rudy"]
[Result "0-1"]
[WhiteElo "1989"]
[BlackElo "1883"]
[PlyCount "68"]
[EventDate "2019.11.09"]
[EventType "team-tourn"]
[EventRounds "11"]
[EventCountry "ENG"]
[SourceTitle "EXT 2023"]
[Source "ChessBase"]
[SourceDate "2022.10.05"]
[SourceVersion "1"]
[SourceVersionDate "2022.10.05"]
[SourceQuality "1"]
[WhiteTeam "Poisoned Pawns"]
[BlackTeam "Rhyfelwyr Essyllwg"]
[WhiteTeamCountry "ENG"]
[BlackTeamCountry "WLS"]

1. e4 e5 2. Nf3 Nf6 3. Nxe5 d6 4. Nf3 Nxe4 5. Nc3 d5 6. d3 Nxc3 7. bxc3 c5 8. Be2 Nc6 9. 0-0 Bd6 10. Bg5 f6 11. Bh4 0-0 12. Bg3 Bxg3 13. hxg3 d4 14. cxd4 cxd4 15. Nd2 Be6 16. Bf3 Bd5 17. Nb3 b6 18. Rc1 Rc8 19. c4 dxc3 20. Rxc3 Bxf3 21. gxf3 Qd5 22. d4 Rfd8 23. Kg2 Nb4 24. Rxc8 Rxc8 25. a3 Nc2 26. Qd3 Nxa3 27. Re1 Nb5 28. Qe3 h6 29. Rd1 Rc3 30. Qe8+ Kh7 31. Nd2 Nxd4 32. Ne4 Rc7 33. Qf8 f5 34. Qb8 Rd7 0-1

[Event "BCF-chT3Sa 1920 (4NCL)"]
[Site "England"]
[Date "2020.01.12"]
[Round "4.35"]
[White "George, Andrew"]
[Black "Rosen, Daniel B"]
[Result "1/2-1/2"]
[WhiteElo "1975"]
[BlackElo "1989"]
[PlyCount "81"]
[EventDate "2019.11.09"]
[EventType "team-tourn"]
[EventRounds "11"]
[EventCountry "ENG"]
[SourceTitle "EXT 2023"]
[Source "ChessBase"]
[SourceDate "2022.10.05"]
[SourceVersion "1"]
[SourceVersionDate "2022.10.05"]
[SourceQuality "1"]
[WhiteTeam "Ashfield"]
[BlackTeam "Poisoned Pawns"]
[WhiteTeamCountry "ENG"]
[BlackTeamCountry "ENG"]

1. c4 e5 2. Nc3 Nc6 3. g3 d6 4. Bg2 g6 5. d3 Bg7 6. e4 Nge7 7. Nge2 0-0 8. Be3 f5 9. Qd2 Nd4 10. f4 Nxe2 11. Nxe2 Nc6 12. 0-0 fxe4 13. dxe4 Be6 14. Rac1 Qd7 15. b4 a6 16. Rfd1 Qf7 17. f5 Bxc4 18. fxg6 hxg6 19. a3 Be6 20. Nc3 Qd7 21. Nd5 Rf7 22. a4 Rc8 23. b5 axb5 24. axb5 Ne7 25. b6 Nxd5 26. exd5 Bg4 27. Rf1 Rxf1+ 28. Bxf1 cxb6 29. Rb1 Bh3 30. Bd3 Qf7 31. Be2 Rf8 32. Bxb6 Qf5 33. Re1 Qe4 34. Bb5 Qf3 35. Be3 e4 36. Qe2 Bc3 37. Rc1 Qf6 38. Qc2 Qf3 39. Qe2 Qf6 40. Qc2 Qf3 41. Qe2 1/2-1/2

[Event "County-ch final"]
[Site "Kettering"]
[Date "2019.07.13"]
[Round "1.12"]
[White "Rosen, Daniel B"]
[Black "Sucikova, Svetlana"]
[Result "0-1"]
[WhiteElo "2018"]
[BlackElo "2148"]
[PlyCount "70"]
[EventDate "2019.07.13"]
[EventType "team"]
[EventRounds "1"]
[EventCountry "ENG"]
[SourceTitle "EXT 2020"]
[Source "ChessBase"]
[SourceDate "2019.10.17"]
[SourceVersion "1"]
[SourceVersionDate "2019.10.17"]
[SourceQuality "1"]
[WhiteTeam "Surrey CCA"]
[BlackTeam "Yorkshire"]
[WhiteTeamCountry "ENG"]
[BlackTeamCountry "ENG"]

1. e4 c6 2. d4 d5 3. exd5 cxd5 4. c4 Nf6 5. Nc3 e6 6. Nf3 Bb4 7. Bd2 Nc6 8. a3 Bxc3 9. Bxc3 0-0 10. Be2 dxc4 11. Bxc4 b6 12. 0-0 Bb7 13. Qe2 Ne7 14. Bb4 Nfd5 15. Bxd5 Bxd5 16. Rac1 Re8 17. Bxe7 Rxe7 18. Ne5 Rc7 19. Qd2 Rac8 20. Rc3 Rxc3 21. bxc3 Qd6 22. Ra1 f6 23. Nd3 Qc6 24. Qe3 Bxg2 25. Nf4 Bd5 26. Re1 Re8 27. Qg3 Be4 28. h4 Rc8 29. h5 Bf5 30. h6 g6 31. d5 exd5 32. Re7 Be4 33. Rg7+ Kh8 34. Nh5 Qb5 35. Kh2 Qf1 0-1

[Event "BCF-chT3Sb 1819 (4NCL)"]
[Site "England"]
[Date "2019.02.10"]
[Round "6.54"]
[White "Rosen, Daniel B"]
[Black "Batchelor, Paul A"]
[Result "1/2-1/2"]
[WhiteElo "2072"]
[BlackElo "2035"]
[PlyCount "32"]
[EventDate "2018.11.17"]
[EventType "team-tourn"]
[EventRounds "7"]
[EventCountry "ENG"]
[SourceTitle "EXT 2021"]
[Source "ChessBase"]
[SourceDate "2020.10.23"]
[SourceVersion "1"]
[SourceVersionDate "2020.10.23"]
[SourceQuality "1"]
[WhiteTeam "Poisoned Pawns"]
[BlackTeam "Sussex Martlets II"]
[WhiteTeamCountry "ENG"]
[BlackTeamCountry "ENG"]

1. e4 c5 2. Nc3 Nc6 3. g3 g6 4. Bg2 Bg7 5. d3 d6 6. Nge2 e5 7. 0-0 Nge7 8. f4 0-0 9. fxe5 dxe5 10. Bg5 f6 11. Be3 Nd4 12. Qd2 Be6 13. b3 Qd7 14. Rf2 Rf7 15. Raf1 Raf8 16. Nd1 b6 1/2-1/2

[Event "BCF-chT3Sb 1819 (4NCL)"]
[Site "England"]
[Date "2019.02.09"]
[Round "5.52"]
[White "Fegan, Chris"]
[Black "Rosen, Daniel B"]
[Result "1-0"]
[WhiteElo "2024"]
[BlackElo "2072"]
[PlyCount "91"]
[EventDate "2018.11.17"]
[EventType "team-tourn"]
[EventRounds "7"]
[EventCountry "ENG"]
[SourceTitle "EXT 2021"]
[Source "ChessBase"]
[SourceDate "2020.10.23"]
[SourceVersion "1"]
[SourceVersionDate "2020.10.23"]
[SourceQuality "1"]
[WhiteTeam "CSC"]
[BlackTeam "Poisoned Pawns"]
[WhiteTeamCountry "ENG"]
[BlackTeamCountry "ENG"]

1. d4 f5 2. g3 Nf6 3. Bg5 e6 4. Bg2 Be7 5. e3 d5 6. Ne2 0-0 7. 0-0 c6 8. Nd2 Qe8 9. c4 Nbd7 10. Nf4 Bb4 11. f3 h6 12. Bxf6 Nxf6 13. Rc1 Bd7 14. a3 Bxd2 15. Qxd2 dxc4 16. Rxc4 e5 17. dxe5 Qxe5 18. Ng6 Qe6 19. Nxf8 Rxf8 20. Rd4 Be8 21. Rd6 Qe7 22. Rd4 Bf7 23. Rd1 Bb3 24. Re1 Bd5 25. Qd3 Be6 26. Bh3 Bc8 27. Bxf5 Bxf5 28. Qxf5 Re8 29. Qd3 Qc7 30. Rd1 Kf7 31. Rd8 Re7 32. b4 Qb6 33. Kf2 a5 34. Qd4 Qc7 35. Qc4+ Kg6 36. R8d4 axb4 37. axb4 Qe5 38. R1d3 Kh7 39. Qc5 Qe6 40. Rd6 Qh3 41. Rxf6 Qxh2+ 42. Kf1 Qh1+ 43. Ke2 Qg2+ 44. Kd1 Qf1+ 45. Kc2 Qa1 46. Qf5+ 1-0

[Event "Guernsey op 44th"]
[Site "Vale"]
[Date "2018.10.27"]
[Round "7"]
[White "Rosen, Daniel B"]
[Black "Hillarp Persson, Tiger"]
[Result "1/2-1/2"]
[WhiteElo "2081"]
[BlackElo "2544"]
[PlyCount "124"]
[EventDate "2018.10.21"]
[EventType "swiss"]
[EventRounds "7"]
[EventCountry "GCI"]
[SourceTitle "CBM 187 Extra"]
[Source "ChessBase"]
[SourceDate "2018.11.04"]
[SourceVersion "1"]
[SourceVersionDate "2018.11.04"]
[SourceQuality "1"]

1. e4 c5 2. Nc3 a6 3. g3 b5 4. Bg2 Bb7 5. d3 e6 6. Nge2 b4 7. Nb1 d5 8. 0-0 dxe4 9. dxe4 Qxd1 10. Rxd1 Nf6 11. f3 Nc6 12. Be3 a5 13. Nd2 Ba6 14. Bf1 Nd7 15. Nf4 Nce5 16. Bxa6 Rxa6 17. Kf2 Be7 18. Ke2 c4 19. Ng2 Rc6 20. Bd4 0-0 21. f4 Ng6 22. Nf3 Rd8 23. Ne3 f6 24. f5 Ngf8 25. fxe6 Nxe6 26. c3 Re8 27. Kf1 Nxd4 28. Nxd4 Rcc8 29. Nb5 Ne5 30. Nf5 Rc5 31. Nxe7+ Rxe7 32. Rd8+ Kf7 33. Nd6+ Kg6 34. Rd1 Nd3 35. cxb4 Nxb4 36. a3 Nd3 37. Nxc4 Rxc4 38. R8xd3 Rcxe4 39. R1d2 h5 40. Kf2 h4 41. Rd4 h3 42. b4 Re3 43. bxa5 Rxa3 44. Rh4 Rxa5 45. Rxh3 Rf5+ 46. Kg2 Rfe5 47. Kf3 Kf5 48. Rh5+ g5 49. g4+ Kg6 50. Rh8 Re3+ 51. Kf2 Ra3 52. Re2 Rb7 53. Rg8+ Kf7 54. Rge8 Ra4 55. h3 Ra3 56. Kg2 Rba7 57. Kh2 Ra2 58. Kg2 R7a5 59. Kf1 Rxe2 60. Rxe2 Re5 61. Rf2 Ke6 62. Kg2 Re3 1/2-1/2

[Event "Guernsey op 44th"]
[Site "Vale"]
[Date "2018.10.26"]
[Round "6"]
[White "Sedgwick, David"]
[Black "Rosen, Daniel B"]
[Result "0-1"]
[WhiteElo "2013"]
[BlackElo "2081"]
[PlyCount "116"]
[EventDate "2018.10.21"]
[EventType "swiss"]
[EventRounds "7"]
[EventCountry "GCI"]
[SourceTitle "CBM 187 Extra"]
[Source "ChessBase"]
[SourceDate "2018.11.04"]
[SourceVersion "1"]
[SourceVersionDate "2018.11.04"]
[SourceQuality "1"]

1. d4 f5 2. e4 fxe4 3. Nc3 Nf6 4. Bg5 Nc6 5. d5 Ne5 6. Qd4 Nf7 7. Bxf6 exf6 8. Nxe4 f5 9. Nc3 g6 10. 0-0-0 Bh6+ 11. Kb1 0-0 12. Nf3 Bg7 13. Qd2 Nd6 14. Bd3 a6 15. Rde1 b5 16. Ne5 Bb7 17. a3 c5 18. dxc6 dxc6 19. Nf3 c5 20. Re6 Nf7 21. Qe3 b4 22. axb4 cxb4 23. Na4 Bd5 24. Rb6 a5 25. Re1 Bxf3 26. Qxf3 Qd4 27. Qe3 Qxe3 28. fxe3 Rfc8 29. b3 Ne5 30. Be2 Ra7 31. Nb2 Kf8 32. Nc4 Nxc4 33. Bxc4 a4 34. Ra6 Rxa6 35. Bxa6 Ra8 36. Bb7 Ra7 37. bxa4 Rxb7 38. Ka2 Bc3 39. Rd1 Re7 40. Rd3 Re5 41. Kb3 Ke7 42. Kc4 Ra5 43. Kb3 Ke6 44. Rd8 Rd5 45. Ra8 Kd6 46. Ra7 Re5 47. Rxh7 Rxe3 48. h4 Rg3 49. h5 gxh5 50. Rxh5 f4 51. Rf5 Bd2+ 52. Kc4 Rc3+ 53. Kb5 Rxc2 54. Rh5 b3 55. Rh3 Rc5+ 56. Kb6 Be3 57. Rh6+ Kd5 58. Rh5+ Kc4 0-1

[Event "Guernsey op 44th"]
[Site "Vale"]
[Date "2018.10.25"]
[Round "5"]
[White "Rosen, Daniel B"]
[Black "Prins, Jan"]
[Result "1/2-1/2"]
[WhiteElo "2081"]
[BlackElo "2003"]
[PlyCount "36"]
[EventDate "2018.10.21"]
[EventType "swiss"]
[EventRounds "7"]
[EventCountry "GCI"]
[SourceTitle "CBM 187 Extra"]
[Source "ChessBase"]
[SourceDate "2018.11.04"]
[SourceVersion "1"]
[SourceVersionDate "2018.11.04"]
[SourceQuality "1"]

1. e4 c5 2. Nc3 Nc6 3. f4 g6 4. Nf3 Bg7 5. Bc4 e6 6. 0-0 d6 7. d3 Nd4 8. Nxd4 cxd4 9. Ne2 Ne7 10. Qe1 0-0 11. Qf2 Qb6 12. Bb3 Qc5 13. Bd2 b5 14. Qh4 d5 15. Ng3 a5 16. a4 b4 17. Rae1 Ra7 18. Re2 f5 1/2-1/2

[Event "Guernsey op 44th"]
[Site "Vale"]
[Date "2018.10.21"]
[Round "1"]
[White "Rosen, Daniel B"]
[Black "Spanton, Timothy"]
[Result "1/2-1/2"]
[WhiteElo "2081"]
[BlackElo "1923"]
[PlyCount "61"]
[EventDate "2018.10.21"]
[EventType "swiss"]
[EventRounds "7"]
[EventCountry "GCI"]
[SourceTitle "CBM 187 Extra"]
[Source "ChessBase"]
[SourceDate "2018.11.04"]
[SourceVersion "1"]
[SourceVersionDate "2018.11.04"]
[SourceQuality "1"]

1. e4 e5 2. Nf3 Nc6 3. Bb5 Nf6 4. d3 Bc5 5. 0-0 Nd4 6. Nxd4 Bxd4 7. c3 Bb6 8. Nd2 c6 9. Ba4 0-0 10. Nf3 d6 11. Bc2 Re8 12. Qe2 Qe7 13. Be3 d5 14. Bxb6 axb6 15. Bb3 dxe4 16. dxe4 Be6 17. Qe3 Nd7 18. Bxe6 Qxe6 19. b3 Nc5 20. Rfd1 f6 21. h3 Red8 22. Qe2 Qe7 23. Ne1 Ra3 24. Rxd8+ Qxd8 25. Rd1 Qe7 26. Rd2 Ra8 27. f3 Ne6 28. Qe3 Qc5 29. Kf2 Qxe3+ 30. Kxe3 Rd8 31. Rxd8+ 1/2-1/2

[Event "Torquay Paignton op"]
[Site "Torquay"]
[Date "2018.09.05"]
[Round "4"]
[White "Rosen, Daniel B"]
[Black "Fernandez, Michael"]
[Result "1/2-1/2"]
[WhiteElo "2070"]
[BlackElo "2194"]
[PlyCount "100"]
[EventDate "2018.09.02"]
[EventType "swiss"]
[EventRounds "7"]
[EventCountry "ENG"]
[SourceTitle "CBM 186 Extra"]
[Source "ChessBase"]
[SourceDate "2018.08.24"]
[SourceVersion "1"]
[SourceVersionDate "2018.08.24"]
[SourceQuality "1"]

1. e4 Nf6 2. e5 Nd5 3. d4 d6 4. c4 Nb6 5. f4 dxe5 6. fxe5 Nc6 7. Be3 Bf5 8. Nc3 e6 9. Be2 Bb4 10. Nf3 0-0 11. 0-0 Bg4 12. Ne4 Be7 13. Qd2 Qd7 14. Rad1 Rad8 15. b3 a5 16. Qb2 Qc8 17. Ng3 a4 18. h3 Bxf3 19. Bxf3 Nb4 20. Qf2 axb3 21. axb3 f5 22. exf6 Bxf6 23. Nh5 Be7 24. Qg3 g6 25. Be4 Bd6 26. Qg4 e5 27. Nf6+ Rxf6 28. Rxf6 Qxg4 29. hxg4 exd4 30. Bxd4 Be5 31. Bd5+ Rxd5 32. cxd5 Bxf6 33. Bxf6 N6xd5 34. Bg5 Kf7 35. Kf2 Nc3 36. Rd7+ Ke6 37. Re7+ Kd6 38. Kf3 h6 39. Bh4 g5 40. Re3 Nbd5 41. Bg3+ Kd7 42. Rd3 c6 43. Be5 Nb5 44. Bg7 Ke6 45. Bxh6 Kf6 46. Bf8 b6 47. Ke4 Ndc3+ 48. Kf3 Nd5 49. Ke4 Ndc3+ 50. Kf3 Nd5 1/2-1/2

[Event "Torquay Paignton op"]
[Site "Torquay"]
[Date "2018.09.02"]
[Round "1"]
[White "Rosen, Daniel B"]
[Black "Benson, Paul J"]
[Result "1-0"]
[WhiteElo "2070"]
[BlackElo "1927"]
[PlyCount "53"]
[EventDate "2018.09.02"]
[EventType "swiss"]
[EventRounds "7"]
[EventCountry "ENG"]
[SourceTitle "CBM 186 Extra"]
[Source "ChessBase"]
[SourceDate "2018.08.24"]
[SourceVersion "1"]
[SourceVersionDate "2018.08.24"]
[SourceQuality "1"]

1. e4 c5 2. Nc3 g6 3. f4 Bg7 4. Nf3 Nc6 5. Bc4 e6 6. 0-0 Nge7 7. d3 0-0 8. Bb3 Na5 9. Qe1 Nxb3 10. axb3 b6 11. Be3 Nc6 12. Qf2 Bb7 13. Rad1 Qe7 14. Rfe1 f5 15. e5 Rfd8 16. d4 cxd4 17. Nxd4 Nb4 18. Ndb5 Nd5 19. Nxd5 Bxd5 20. Nc7 Rac8 21. Nxd5 exd5 22. Rxd5 Qe6 23. Red1 Bf8 24. c4 d6 25. R1d3 Rd7 26. Qd2 Rcd8 27. b4 1-0

[Event "BCF-chT2 1718 (4NCL) Demotion pool"]
[Site "England"]
[Date "2018.05.06"]
[Round "10.76"]
[White "Willson, Ollie"]
[Black "Rosen, Daniel B"]
[Result "1/2-1/2"]
[WhiteElo "2117"]
[BlackElo "2063"]
[PlyCount "114"]
[EventDate "2017.11.11"]
[EventType "team-tourn"]
[EventRounds "11"]
[EventCountry "ENG"]
[SourceTitle "EXT 2020"]
[Source "ChessBase"]
[SourceDate "2019.10.17"]
[SourceVersion "1"]
[SourceVersionDate "2019.10.17"]
[SourceQuality "1"]
[WhiteTeam "Sussex Martlets"]
[BlackTeam "Poisoned Pawns"]
[WhiteTeamCountry "ENG"]
[BlackTeamCountry "ENG"]

1. d4 f5 2. Bg5 d5 3. Nc3 Be6 4. e3 Nd7 5. h4 g6 6. h5 Bg7 7. Nh3 c6 8. Nf4 Bf7 9. hxg6 hxg6 10. Rxh8 Bxh8 11. Qf3 Qb6 12. 0-0-0 0-0-0 13. g4 Ngf6 14. Bh3 Ne4 15. Bxe7 Re8 16. Ba3 Nxc3 17. bxc3 Qa5 18. Bb4 Qxa2 19. gxf5 g5 20. Ne2 Nf6 21. Ng3 Bh5 22. Qxh5 Nxh5 23. f6+ Kd8 24. Nxh5 Bxf6 25. Nxf6 Rh8 26. Bf5 Rh1 27. Rxh1 Qa1+ 28. Kd2 Qxh1 29. Ng4 Qf3 30. Be6 Qe4 31. Ne5 Kc7 32. Bg4 b6 33. Be7 Qg2 34. Ke2 a5 35. Bxg5 a4 36. Be7 Qe4 37. Kd2 c5 38. Bf3 Qh7 39. Bg5 a3 40. Bxd5 Qh2 41. Nd3 Qg1 42. Bf4+ Kd8 43. Bg3 Qb1 44. Nc1 Qb5 45. Ba2 c4 46. Bd6 Qa4 47. Bb4 b5 48. Ne2 Qa8 49. f4 Kd7 50. f5 Qf3 51. Bc5 Qxf5 52. Bxa3 Qe4 53. Bc5 Qa8 54. Bb1 Qh1 55. Ba2 Qa8 56. Bb1 Qh1 57. Ba2 Qa8 1/2-1/2

[Event "BCF-chT2b 1718 (4NCL)"]
[Site "England"]
[Date "2018.03.17"]
[Round "7.57"]
[White "Coathup, Roger"]
[Black "Rosen, Daniel B"]
[Result "1-0"]
[WhiteElo "2177"]
[BlackElo "2061"]
[PlyCount "57"]
[EventDate "2017.11.11"]
[EventType "team-tourn"]
[EventRounds "7"]
[EventCountry "ENG"]
[SourceTitle "EXT 2020"]
[Source "ChessBase"]
[SourceDate "2019.10.17"]
[SourceVersion "1"]
[SourceVersionDate "2019.10.17"]
[SourceQuality "1"]
[WhiteTeam "North East England"]
[BlackTeam "Poisoned Pawns"]
[WhiteTeamCountry "ENG"]
[BlackTeamCountry "ENG"]

1. d4 f5 2. c4 e6 3. Nc3 Bb4 4. e3 Nf6 5. Bd3 0-0 6. Nge2 b6 7. 0-0 Bb7 8. f3 Nc6 9. a3 Bxc3 10. Nxc3 Qe7 11. Qc2 h6 12. b4 d6 13. Bb2 Nd8 14. a4 a5 15. b5 Nf7 16. Qb3 Nd7 17. Rad1 Qg5 18. Bc1 e5 19. Qc2 Nd8 20. Nd5 Bxd5 21. cxd5 Rc8 22. dxe5 dxe5 23. f4 exf4 24. exf4 Qh5 25. Ba3 Nc5 26. Bxc5 bxc5 27. Qxc5 Nf7 28. Rde1 g5 29. Bxf5 1-0

[Event "Guernsey op 43rd"]
[Site "Vale"]
[Date "2017.10.16"]
[Round "2"]
[White "Rosen, Daniel B"]
[Black "Van den Boogaart, Jan Maarten"]
[Result "1/2-1/2"]
[WhiteElo "2042"]
[BlackElo "1991"]
[PlyCount "51"]
[EventDate "2017.10.15"]
[EventType "swiss"]
[EventRounds "7"]
[EventCountry "GCI"]
[SourceTitle "CBM 181 Extra"]
[Source "ChessBase"]
[SourceDate "2017.12.12"]
[SourceVersion "1"]
[SourceVersionDate "2017.12.12"]
[SourceQuality "1"]

1. e4 c5 2. Nc3 Nc6 3. f4 e6 4. Nf3 d5 5. d3 Nf6 6. Be2 Be7 7. 0-0 0-0 8. Qe1 a6 9. a4 Rb8 10. Kh1 b5 11. axb5 axb5 12. Ne5 Nd4 13. Bd1 Bb7 14. exd5 Nxd5 15. Ne4 Ra8 16. Rxa8 Bxa8 17. Nf3 Nf5 18. Ng3 Nh4 19. Nxh4 Bxh4 20. f5 exf5 21. Rxf5 Re8 22. Re5 Rxe5 23. Qxe5 Bf6 24. Qe1 Bh4 25. Qe5 Bf6 26. Qe1 1/2-1/2

[Event "Jersey op"]
[Site "St Clement Bay"]
[Date "2017.04.08"]
[Round "9"]
[White "Rosen, Daniel B"]
[Black "Wojciechowski, Paul"]
[Result "1-0"]
[WhiteElo "2047"]
[BlackElo "1979"]
[PlyCount "53"]
[EventDate "2017.04.01"]
[EventType "swiss"]
[EventRounds "9"]
[EventCountry "GCI"]
[SourceTitle "CBM 177 Extra"]
[Source "ChessBase"]
[SourceDate "2017.04.27"]
[SourceVersion "1"]
[SourceVersionDate "2017.04.27"]
[SourceQuality "1"]

1. e4 c5 2. Nc3 a6 3. g3 b5 4. Bg2 Bb7 5. d3 e6 6. Nf3 b4 7. Ne2 d5 8. exd5 exd5 9. d4 c4 10. 0-0 Nf6 11. Ne5 Ra7 12. c3 Qa5 13. Bd2 Nbd7 14. Nf4 Nxe5 15. dxe5 Ne4 16. cxb4 Qb5 17. Be3 Ra8 18. e6 Bxb4 19. exf7+ Kxf7 20. Bd4 Rhe8 21. Qg4 Bf8 22. f3 Nf6 23. Bxf6 gxf6 24. Qh5+ Kg8 25. Bh3 Re5 26. Be6+ Kg7 27. Qf7+ 1-0

[Event "Jersey op"]
[Site "St Clement Bay"]
[Date "2017.04.06"]
[Round "7"]
[White "Rosen, Daniel B"]
[Black "Webster, Jim J"]
[Result "1-0"]
[WhiteElo "2047"]
[BlackElo "1807"]
[PlyCount "65"]
[EventDate "2017.04.01"]
[EventType "swiss"]
[EventRounds "9"]
[EventCountry "GCI"]
[SourceTitle "CBM 177 Extra"]
[Source "ChessBase"]
[SourceDate "2017.04.27"]
[SourceVersion "1"]
[SourceVersionDate "2017.04.27"]
[SourceQuality "1"]

1. e4 c5 2. Nc3 Nc6 3. f4 g6 4. Nf3 Bg7 5. Bc4 e6 6. 0-0 a6 7. a4 Nge7 8. Qe1 0-0 9. d3 d6 10. Bd2 Bd7 11. Nd1 d5 12. Ba2 b5 13. Qf2 dxe4 14. dxe4 c4 15. Bc3 f6 16. Ne3 Qb8 17. Rad1 Rd8 18. Qh4 e5 19. fxe5 g5 20. Qf2 f5 21. exf5 Bxf5 22. Nxg5 Rxd1 23. Rxd1 Qa7 24. Nf3 Bg6 25. Kh1 Rf8 26. Qe2 Rf4 27. Nd5 Nxd5 28. Rxd5 Re4 29. Qd1 b4 30. Rd8+ Nxd8 31. Qxd8+ Bf8 32. Bxb4 Qf7 33. e6 1-0

[Event "BCF-chT3S 1617 (4NCL) Promotion pool"]
[Site "England"]
[Date "2017.03.19"]
[Round "8.35"]
[White "Rosen, Daniel B"]
[Black "Peck, Silas"]
[Result "1-0"]
[WhiteElo "2047"]
[BlackElo "2095"]
[PlyCount "79"]
[EventDate "2016.11.26"]
[EventType "team-tourn"]
[EventRounds "11"]
[EventCountry "ENG"]
[SourceTitle "EXT 2019"]
[Source "ChessBase"]
[SourceDate "2018.10.10"]
[SourceVersion "1"]
[SourceVersionDate "2018.10.10"]
[SourceQuality "1"]
[WhiteTeam "Poisoned Pawns"]
[BlackTeam "Anglian Avengers II"]
[WhiteTeamCountry "ENG"]
[BlackTeamCountry "ENG"]

1. e4 e5 2. Nf3 Nc6 3. Bb5 a6 4. Ba4 Nf6 5. 0-0 Be7 6. d3 b5 7. Bb3 d6 8. c3 Bg4 9. Qe2 0-0 10. Re1 Na5 11. Bc2 c5 12. Nbd2 Nc6 13. h3 Bh5 14. Nf1 Qc7 15. Ng3 Bg6 16. Nh4 d5 17. Nhf5 d4 18. Qf3 Rfd8 19. h4 Bxf5 20. Nxf5 Ne8 21. Bb3 Nd6 22. Nxe7+ Nxe7 23. cxd4 cxd4 24. h5 Rf8 25. Qg3 Ne8 26. Bg5 Kh8 27. Rac1 Qd6 28. f4 f6 29. fxe5 fxe5 30. Qh4 Nf6 31. h6 g6 32. Rc7 Rac8 33. Bxf6+ Rxf6 34. Rd7 Qc6 35. Rxe7 Qd6 36. Rg7 Rcf8 37. Rc1 Qd8 38. Qg3 Rf4 39. Rcc7 Rf1+ 40. Kh2 1-0

[Event "BCF-chT4S 1617 (4NCL)"]
[Site "England"]
[Date "2017.02.12"]
[Round "6.82"]
[White "Rosen, Daniel B"]
[Black "Collins, Jonathan L"]
[Result "1-0"]
[WhiteElo "2052"]
[BlackElo "1798"]
[PlyCount "55"]
[EventDate "2016.11.26"]
[EventType "team-swiss"]
[EventRounds "11"]
[EventCountry "ENG"]
[SourceTitle "EXT 2019"]
[Source "ChessBase"]
[SourceDate "2018.10.10"]
[SourceVersion "1"]
[SourceVersionDate "2018.10.10"]
[SourceQuality "1"]
[WhiteTeam "Poisoned Pawns II"]
[BlackTeam "Iceni II"]
[WhiteTeamCountry "ENG"]
[BlackTeamCountry "ENG"]

1. e4 Nc6 2. Nf3 e5 3. Bb5 a6 4. Ba4 Nf6 5. 0-0 b5 6. Bb3 Be7 7. Qe2 d6 8. c3 Na5 9. Bc2 c5 10. d3 Qc7 11. Rd1 Nc6 12. Nbd2 b4 13. Nc4 bxc3 14. bxc3 0-0 15. Ba4 Bd7 16. Bg5 h6 17. Bh4 Nd4 18. cxd4 Bxa4 19. Rdb1 Bb5 20. dxe5 Bxc4 21. exf6 Bxd3 22. Qxd3 gxf6 23. Qc3 Kg7 24. Nd4 Rg8 25. Nf5+ Kh7 26. Qd2 Rg6 27. Qd5 Rag8 28. g3 1-0

[Event "BCF-chT3Sa 1617 (4NCL)"]
[Site "England"]
[Date "2016.11.27"]
[Round "2.45"]
[White "Taylor, Robert Graham"]
[Black "Rosen, Daniel B"]
[Result "0-1"]
[WhiteElo "1973"]
[BlackElo "2043"]
[PlyCount "60"]
[EventDate "2016.11.26"]
[EventType "team-tourn"]
[EventRounds "11"]
[EventCountry "ENG"]
[SourceTitle "EXT 2019"]
[Source "ChessBase"]
[SourceDate "2018.10.10"]
[SourceVersion "1"]
[SourceVersionDate "2018.10.10"]
[SourceQuality "1"]
[WhiteTeam "Rhyfelwyr Essyllwg"]
[BlackTeam "Poisoned Pawns"]
[WhiteTeamCountry "WLS"]
[BlackTeamCountry "ENG"]

1. Nf3 d6 2. b3 e5 3. d3 Nc6 4. Bb2 Nge7 5. Nbd2 Ng6 6. e3 Be7 7. Be2 0-0 8. c3 f5 9. g3 Bf6 10. Qc2 Bd7 11. 0-0-0 b5 12. h4 a5 13. d4 exd4 14. Nxd4 Nxd4 15. exd4 Ne7 16. Bf3 Ra6 17. Nf1 b4 18. c4 a4 19. Ne3 Qb8 20. Nd5 Nxd5 21. Bxd5+ Kh8 22. Rhe1 axb3 23. axb3 Ra2 24. c5 Qb5 25. Kb1 Qa5 26. Rd2 c6 27. Be6 Ra8 28. Qxf5 Ra1+ 29. Kc2 Rxe1 30. Bxd7 Qa2 0-1